00433nam a2200157Ia 4500008004100000020001500041041001200056082001600068100001500084245009300099250000800192260002500200300000800225650001600233700002600249221030s9999 xx 000 0 und d a8120322541 aEnglish a105.23bGar aV. K. Garg 0aEnterprise Resource Planning : Concepts & Practicecby V. K. Garg, N. K. Venkitakrishnan a2nd bPHIaNew Delhic2006 a185 aBE Computer aN. K. Venkitakrishnan